English in focus English in Agriculture

Gespeichert in:
Bibliographische Detailangaben
1. Verfasser: Mountford, Alan
Format: Buch
Sprache:Undetermined
Veröffentlicht: Oxford Oxford University Press 1977
Schlagworte:
Tags: Tag hinzufügen
Keine Tags, Fügen Sie den ersten Tag hinzu!
Thư viện lưu trữ: Trung tâm Học liệu Trường Đại học Cần Thơ
LEADER 00612nam a2200193Ia 4500
001 CTU_118740
008 210402s9999 xx 000 0 und d
082 |a 428.34 
082 |b M928/Cas.2 
100 |a Mountford, Alan 
245 0 |a English in focus English in Agriculture 
245 0 |c Alan Mountford 
260 |a Oxford 
260 |b Oxford University Press 
260 |c 1977 
650 |a English language,English language,Listening 
650 |x Study and teaching,Textbooks for foreign speakers,Problems, exercises, etc 
904 |i M.Loan 
980 |a Trung tâm Học liệu Trường Đại học Cần Thơ